K rakúskej identite

Bibliographic Details
Main Author: Matzner-Holzer, Gabriele, 1945- (Author)
Format: Article
Language:Slovak
PhysicalDescription:Ilustr.
ISSN:1335-2296
Subjects:

MARC

LEADER 00000nab a2200000 a 4500
001 vtls000678954
003 SK-MaSNL
005 20260304084722.0
008 250425c1998 xo 0 slo
015 |a SNBRB1998/12-31646 
035 |a CLN000031123 
035 |a urn:nbn:sk:snk-aba2wg 
035 |a (urnnbn)urn:nbn:sk:snk:ar-a09avz 
035 |a (uuid)f7767302-d0bc-413f-8250-a51de0bd6be5 
040 |a SNKBUCL  |b slo  |c SNKBUCL  |e AACR2 
041 0 |a slo 
044 |a xo  |c SK 
080 |a 342.1/.2(436)  |2 1997 
080 |a 301.152:323.1  |2 1997 
080 |a 17.023.32  |2 1997 
100 1 |a Matzner-Holzer, Gabriele,  |d 1945-  |4 aut  |9 13717 
245 1 0 |a K rakúskej identite  |c Gabriele Matzner-Holzer 
300 |b Ilustr. 
650 0 7 |a Rakúšania  |2 SNKPH  |9 198848 
650 0 7 |a národná identita  |2 SNKPH  |9 1665 
651 7 |a Rakúsko  |2 SNKPHgeo  |9 18533 
655 7 |a články z novín a časopisov  |2 snkbucl  |9 267496 
773 0 |t OS  |g Č. 12 (1998), s. 16-19  |x 1335-2296 
850 |a Slovenská národná knižnica 
852 |a Slovenská národná knižnica 
954 |a odborná, vedecká literatúra pôvodná (slovenská)  |2 lita 
958 |a article13 
958 |a OND 
958 |a AT 
958 |a EUIPO 
992 |a RBX 
999 |c 2804875  |d 2806805